Wandlung
| Titel: | Wandlung : ein Altkommunist gibt zu Protokoll / Leopold Grünwald. Mit e. Vorw. von Wolfgang Leonhard |
|---|---|
| Verfasser: | |
| Ausgabe: | [Gekürzte Ausg.] |
| Veröffentlicht: | Wien : Verlag der Wiener Volksbuchhandlung, [ca. 1980] |
| Umfang: | 189 S. ; 23 cm |
| Format: | Buch |
| Sprache: | Deutsch |
| RVK-Notation: |
·
|
X
alg: 8050396 001A $06000:27-07-99 001B $00030:02-02-24 $t14:41:23.000 001C $03004:12-06-12 $t14:20:08.000 001D $03004:23-01-03 001U $0utf8 001X $00 002@ $0Aau 003@ $0080503969 003O $009919077 $aOCoLC 004A $fkart. (Pr. nicht mitget.) 006G $0800428471 006U $080,A33,0841 007A $0800428471 $aDNB 007T $0Herdhh080503969 010@ $ager 011@ $a1980 $n[ca. 1980] 013H $0z 015@ $00 021A $aWandlung $dein Altkommunist gibt zu Protokoll $hLeopold Grünwald. Mit e. Vorw. von Wolfgang Leonhard 028A $#Grünwaldt, Leopold $7118542931 $8Grünwald, Leopold$Z1900-1992 [Tp1] $9086883968 032@ $a[Gekürzte Ausg.] 033A $pWien $nVerlag der Wiener Volksbuchhandlung 034D $a189 S. 034I $a23 cm 044F $cGrünwald, Leopold 045E $b14a 045F $a909 $eDDC23BSB 045F/01 $a909 045F/03 $f0904 045F/03 $g437 045F/03 $g436 045F/03 $g4371 045F/03 $g439 045Z $8MC 8590 [Tkv] $9410447617 045Z $8MG 33040 [Tkv] $9410493635 lok: 8050396 3 101B $002-02-24 $t14:41:23.000 101C $002-02-24 101U $0utf8 145S/01 $a007 exp: 8050396 3 1 #EPN 201B/01 $002-02-24 $t14:41:23.000 201C/01 $002-02-24 201U/01 $0utf8 203@/01 $01255589760 208@/01 $a02-02-24 $bzFa 209A/01 $a05/MG 33040 G886 $du $f034 $h05 MG 33040 G886 $x00 209B/01 $a7000 $x05 209C/01 $a1783 209G/01 $a2007539816 $x00 247C/01 $8601034-9 <30/34>Frankfurt, Universitätsbibliothek J. C. Senckenberg, Bibliothek Recht und Wirtschaft (BRuW) $9102598444 lok: 8050396 24 101B $003-12-02 $t11:30:17.172 101C $025-02-02 145Z/01 $a2 G 764 145Z/02 $a22 7 Mk 145Z/03 $a20 7 Mk 101U $0utf8 exp: 8050396 24 1 #EPN 201B/01 $012-06-12 $t14:20:08.000 201C/01 $025-02-02 201U/01 $0utf8 203@/01 $0168192098 208@/01 $a25-02-02 $br 209A/01 $a2 G 764 $du $f050 $h2 G 764 $x00 209C/01 $aG 80.3766 $h80 3766 G 209G/01 $a70438011 $x00 244Z/01 $#Grünwaldt, Leopold $7118542931 $8--Tp1--Grünwald, Leopold$Z1900-1992 $x01 $9086883968 247C/01 $8358050-7Marburg, Bibliothek des Herder-Instituts Marburg $9102600961 lok: 8050396 78 exp: 8050396 78 1 #EPN 201B/01 $025-11-17 $t23:16:34.000 201U/01 $0utf8 203@/01 $0793481163 208@/01 $a12-11-16 $be 209A/01 $a/ $f000 $x00 237A/01 $aweiterführende Signatur(en): Herder-Institut: 2 G 764 244Z/01 $#Tschechien $#Tschechische Republik $#Tschechische Republik $#Tschechenland $#Tschechei Tschechien $#Česká Republika $#Czech Republic $#ČR $74303381-7 $8--Tg1--Tschechien $x01 $9086659812 244Z/01 $2Trx $#Böhmen $#Bohemia $#Czechy $8--Trx--Čechy $x02 $9391188941 244Z/01 $2Trx $#Slowakische Republik $#Szlovák Köztársaság $#Republika Słowacka $#Slovenská Republika $#Slovensko $#Slowakei $#Słowacja $#Slovensko $8--Trx--Slovenská Republika $x03 $9391345796 244Z/01 $2Trx $#Ungari $#Vengrija $#Ungārija $#Ungarn $#Hungary $#Węgry $#Maďarsko $#Maďarsko $#Uhorsko $#Uhersko;Uhry $8--Trx--Magyarország $x04 $9391197150 244Z/01 $2Trx $8--Trx--Monographie $x05 $9391384546 245Z/01 $a07.03 $x01 247C/01 $82080>Marburg/Lahn, Herder-Institut, Forschungsbibliothek, Bibliographieportal $9336309341
| LEADER | 00000cam a2200000 c 4500 | ||
|---|---|---|---|
| 001 | 080503969 | ||
| 003 | DE-603 | ||
| 005 | 20240202144123.0 | ||
| 007 | tu | ||
| 008 | 990727s1980 xx |||| | u00||u|ger | ||
| 015 | |a 80,A33,0841 |2 dnb | ||
| 016 | 7 | |2 DE-101 |a 800428471 | |
| 035 | |a (DE-599)DNB800428471 | ||
| 035 | |a (OCoLC)09919077 | ||
| 040 | |a DE-603 |b ger |c DE-603 |d DE-603 | ||
| 041 | |a ger | ||
| 082 | 0 | 4 | |8 1\u |a 909 |q DE-101 |2 23/BSB |
| 084 | |a 14a |q DE-101 |2 sdnb | ||
| 084 | |a MC 8590 |0 (DE-625)122472: |0 (DE-603)410447617 |2 rvk | ||
| 084 | |a MG 33040 |0 (DE-625)122836:12038 |0 (DE-603)410493635 |2 rvk | ||
| 085 | |8 1\u |b 909 | ||
| 085 | |8 1\u |z 1 |s 0904 | ||
| 085 | |8 1\u |z 2 |s 437 | ||
| 085 | |8 1\u |z 2 |s 436 | ||
| 085 | |8 1\u |z 2 |s 4371 | ||
| 085 | |8 1\u |z 2 |s 439 | ||
| 100 | 1 | |a Grünwald, Leopold |d 1900-1992 |0 (DE-603)086883968 |0 (DE-588)118542931 |2 gnd | |
| 245 | 0 | 0 | |a Wandlung |b ein Altkommunist gibt zu Protokoll |c Leopold Grünwald. Mit e. Vorw. von Wolfgang Leonhard |
| 250 | |a [Gekürzte Ausg.] | ||
| 264 | 1 | |a Wien |b Verlag der Wiener Volksbuchhandlung |c [ca. 1980] | |
| 300 | |a 189 S. |c 23 cm | ||
| 600 | 1 | 7 | |a Grünwald, Leopold |2 local |
| 924 | 0 | |9 30/34 |a (DE-603)1255589760 |b DE-30-34 |c HES |d d |g 05/MG 33040 G886 | |
| 924 | 0 | |9 Mb 50 |a (DE-603)168192098 |b DE-Mb50 |c HES |d c |g 2 G 764 | |
| 924 | 0 | |9 2080 |a (DE-603)793481163 |b DE-2080 |c HES |d d |g / | |


